LEADER 04670nam 2200541 450 001 9910819532203321 005 20220408155229.0 010 $a1-119-04174-0 010 $a1-119-04173-2 010 $a1-119-04175-9 035 $a(CKB)4330000000008133 035 $a(MiAaPQ)EBC5507032 035 $a(Au-PeEL)EBL5507032 035 $a(CaPaEBR)ebr11606752 035 $a(OCoLC)1042082868 035 $a(PPN)233268146 035 $a(EXLCZ)994330000000008133 100 $a20181001d2019 uy 0 101 0 $aeng 135 $aurcnu|||||||| 181 $ctxt$2rdacontent 182 $cc$2rdamedia 183 $acr$2rdacarrier 200 02$aA companion to the gangster film /$fedited by George S. Larke-Walsh 210 1$aHoboken, NJ :$cWiley Blackwell,$d2019. 215 $a1 online resource (xv, 531 pages) 300 $aDescription based upon print version of record. 311 $a1-119-04329-8 311 $a1-119-04166-X 320 $aIncludes bibliographical references and index. 327 $aMary Pickford meets the mafia / Amy Borden -- Tough talk : early sound and the development of American gangster film vernacular, 1928-1930 / Ron Wilson -- How good boys go bad : the changing face of the gangster film in America / John E. Petty -- Making of a mobster : from myth to the crystallization of the mafia archetype in 1950s and 1960s Italian and Italian American film / Ryan Calabretta-Sajder -- Moral ambiguities : the Frenchness of new Hollywood gangster families / Isolde Vanhee -- The assassin's economics of killing : money, honour and the market of murder / Fran Mason -- The 90s Hollywood gangster : generic reflections and deflections / Karine Hildenbrand -- "Based on a true story" : public enemies and the biographical gangster film / Stephen Gaunson -- The gangster in Hispanic American cinema / Philip Swanson -- The Jamaican gangster film : badman, rude boys and dons / Imruh Bakari -- When criticism meets gangster films : the Spiv cycle as oppositional aesthetics in post-war Britain / Ana Rodriguez Granell -- The patriarchal figure in the 1950s French gangster film : legendary men from a recent past / Thomas Pillard -- Mafia, mobility, and capitalism in Italy circa 1960 / Luca Peretti -- Gangsters in Turkish cinema / Hu?lya O?nal -- Sun-drenched corruption : organized crime, global capItalism and the Mediterranean coast in recent Spanish cinema / Vicente Rodri?guez Ortega -- The Russia they have lost : Russian gangster as a nostalgic hero / Lioudmila Federova -- A hint of lavender : the gay gangster in British crime cinema / Paul Elliott -- The modern British gangster film / Tom Ryall -- Death and duty : the onscreen yakuza / Elayne Chaplin -- Yakuza no onnatachi : women in Japanese gangster cinema / Laura Treglia -- Impotent liberation : post-martial law Taiwanese gangster films / Dominique Liao -- Ruling the men's den : crime, outrage and Indian women gang leaders / Sony Jalarajan Raj, Rohini Sreekumar & Nithin Kalorth -- Tsui Hark's film workshop : political cues in the gangster film 1986-1989 / James Fenwick -- The Godfather legacy : homage and allusion in transnational cinema / George S. Larke-Walsh -- Gangsta gangsta : Hong Kong triad films, 1986-2015 / Valerie Soe -- Politics, social order and hierarchies in post-millenium Hong Kong cinema / Kelvin Ke Jinde -- Jung Doo-hong and the gangster body : kkangpae in contemporary South Korean cinema / Se Young Kim. 330 $aA Companion to the Gangster Film presents a comprehensive overview of the newest scholarship on the contemporary gangster film genre as a global phenomenon. While gangster films are one of America?s most popular genres, gangster movies appear in every film industry across the world. With contributions from an international panel of experts, A Companion to the Gangster Film explores the popularity of gangster films across three major continents, the Americas, Europe, and Asia. The authors acknowledge the gangster genre?s popularity and examine the reasons supporting its appeal to twenty-first century audiences across the globe.--publisher. 606 $aCinematografia$2thub 606 $aCrim organitzat$2thub 606 $aGangster films$xHistory and criticism 608 $aLlibres electrònics$2thub 615 7$aCinematografia 615 7$aCrim organitzat 615 0$aGangster films$xHistory and criticism. 676 $a791.43/6556 702 $aLarke-Walsh$b George S.$f1965- 801 0$bMiAaPQ 801 1$bMiAaPQ 801 2$bMiAaPQ 906 $aBOOK 912 $a9910819532203321 996 $aA companion to the gangster film$94113246 997 $aUNINA LEADER 03418nam 22006494a 450 001 9911019394303321 005 20200520144314.0 010 $a9786611312237 010 $a9781281312235 010 $a1281312231 010 $a9780470996294 010 $a0470996293 010 $a9780470997185 010 $a0470997184 035 $a(CKB)1000000000408516 035 $a(EBL)351518 035 $a(SSID)ssj0000379013 035 $a(PQKBManifestationID)11291027 035 $a(PQKBTitleCode)TC0000379013 035 $a(PQKBWorkID)10356994 035 $a(PQKB)11160870 035 $a(MiAaPQ)EBC351518 035 $a(MiAaPQ)EBC7076217 035 $a(Au-PeEL)EBL7076217 035 $a(PPN)19955465X 035 $a(OCoLC)184983605 035 $a(Perlego)2777694 035 $a(EXLCZ)991000000000408516 100 $a20020328d2003 uy 0 101 0 $aeng 135 $aur|n|---||||| 181 $ctxt 182 $cc 183 $acr 200 04$aThe Blackwell guide to the philosophy of education /$fedited by Nigel Blake ... [et al.] 210 $aOxford, UK ;$aMalden, MA $cBlackwell Pub.$d2003 215 $a1 online resource (433 p.) 225 1 $aBlackwell philosophy guides 300 $aDescription based upon print version of record. 311 08$a9780631221180 311 08$a0631221182 320 $aIncludes bibliographical references and index. 327 $aThe Blackwell Guide to the Philosophy of Education; Contents; Notes on Contributors; Foreword; Introduction; Part I Social and Cultural Theories; 1 Pragmatism and Education; 2 Critical Theory and Critical Pedagogy; 3 Postmodernism/Post-structuralism; 4 Feminism, Philosophy, and Education: Imagining Public Spaces; Part II Politics and Education; 5 Liberalism and Communitarianism; 6 Democratic Citizenship; 7 Education and the Market; 8 Multicultural Education; Part III Philosophy as Education; 9 The Activity of Philosophy and the Practice of Education; 10 Critical Thinking; 11 Practical Reason 327 $aPart IV Teaching and Curriculum12 Higher Education and the University; 13 Information and Communication Technology; 14 Epistemology and Curriculum; 15 Vocational Education and Training; 16 Progressivism; Part V Ethics and Upbringing; 17 Adults and Children; 18 Autonomy and Authenticity in Education; 19 Changing Notions of the Moral and of Moral Education; 20 Education in Religion and Spirituality; References; Index 330 $aIn this important survey, an international group of leading philosophers chart the development of philosophy of education in the twentieth century and point to signficant questions for its future.Presents a definitive introduction to the core areas of philosophy of education. Contains 20 newly-commissioned articles, all of which are written by internationally distinguished scholars. Each chapter reviews a problem, examines the current state of the discipline with respect to the topic, and discusses possible futures of the field. Provides a solid foundati 410 0$aBlackwell philosophy guides. 606 $aEducation$xPhilosophy 615 0$aEducation$xPhilosophy. 676 $a370/.1 701 $aBlake$b Nigel$01837934 801 0$bMiAaPQ 801 1$bMiAaPQ 801 2$bMiAaPQ 906 $aBOOK 912 $a9911019394303321 996 $aThe Blackwell guide to the philosophy of education$94416793 997 $aUNINA